[Event "Niedersachsen-ch U16"]
[Site "Rotenburg"]
[Date "2009.04.07"]
[Round "6"]
[White "Chmelev, Alex"]
[Black "Reinkemeier, Fabian"]
[Result "1/2-1/2"]
[WhiteElo "1840"]
[BlackElo "1618"]
[PlyCount "86"]
[EventDate "2009.04.04"]
[EventType "swiss"]
[EventRounds "9"]
[EventCountry "GER"]
[SourceTitle "EXT 2010"]
[Source "ChessBase"]
[SourceDate "2010.11.25"]
[SourceVersion "1"]
[SourceVersionDate "2010.11.25"]
[SourceQuality "1"]

1. e4 g6 2. d4 Bg7 3. Nc3 d6 4. Be3 c6 5. Qd2 b5 6. Nge2 Nd7 7. Ng3 Ba6 8. Be2 Qb6 9. 0-0 b4 10. Nd1 Bxe2 11. Nxe2 Qb7 12. f3 e5 13. c3 c5 14. dxc5 dxc5 15. c4 Ngf6 16. Nf2 0-0 17. Nd3 Rfd8 18. Qc2 Bf8 19. a3 a5 20. Nec1 Qc6 21. axb4 axb4 22. Nb3 Ne8 23. Rfc1 Nc7 24. Qf2 Ne6 25. Nd2 Nd4 26. Bxd4 exd4 27. Nf4 Ne5 28. Qe2 Rd7 29. Nd5 Rda7 30. Rxa7 Rxa7 31. f4 Nd7 32. Qd3 f6 33. b3 Qa8 34. Qh3 Qc6 35. Rb1 Kg7 36. Kf2 Ra2 37. Ke2 Nb6 38. Ke1 Qd6 39. Qf3 Nc8 40. Qh3 Ne7 41. Qf3 h6 42. h4 Nc6 43. Qg4 Ne7 1/2-1/2

[Event "Hannover-ch U16"]
[Site "Bueckeburg"]
[Date "2007.11.03"]
[Round "5"]
[White "Chmelev, Alex"]
[Black "Stickler, Peter Michael"]
[Result "1-0"]
[WhiteElo "1651"]
[BlackElo "1045"]
[PlyCount "71"]
[EventDate "2007.11.01"]
[EventType "swiss"]
[EventRounds "7"]
[EventCountry "GER"]
[SourceTitle "EXT 2021"]
[Source "ChessBase"]
[SourceDate "2020.10.23"]
[SourceVersion "1"]
[SourceVersionDate "2020.10.23"]
[SourceQuality "1"]

1. e4 e6 2. d4 d5 3. exd5 exd5 4. Bd3 Bd6 5. Ne2 Nf6 6. Bg5 Be6 7. Nbc3 Nbd7 8. Ng3 h6 9. Be3 c6 10. Nf5 Bxf5 11. Bxf5 g6 12. Bd3 Qb6 13. Qc1 h5 14. h3 0-0-0 15. 0-0 c5 16. dxc5 Nxc5 17. Nb5 a6 18. Nd4 Kb8 19. Be2 Nfe4 20. b4 Qxb4 21. Nc6+ bxc6 22. Rb1 Qxb1 23. Qxb1+ Kc7 24. Qe1 Kd7 25. Bf3 Ra8 26. Qb4 Rhb8 27. Qd4 Ke6 28. Bxe4 Nxe4 29. c4 Bc5 30. Qd3 Bxe3 31. Qxe3 Rb2 32. f3 Ke5 33. cxd5 cxd5 34. Rd1 Rxa2 35. Qd4+ Kf4 36. Qxd5 1-0

[Event "Hannover-ch U16"]
[Site "Bueckeburg"]
[Date "2007.11.03"]
[Round "6"]
[White "Nuelle, Christoph"]
[Black "Chmelev, Alex"]
[Result "0-1"]
[WhiteElo "1292"]
[BlackElo "1651"]
[PlyCount "76"]
[EventDate "2007.11.01"]
[EventType "swiss"]
[EventRounds "7"]
[EventCountry "GER"]
[SourceTitle "EXT 2021"]
[Source "ChessBase"]
[SourceDate "2020.10.23"]
[SourceVersion "1"]
[SourceVersionDate "2020.10.23"]
[SourceQuality "1"]

1. e4 c5 2. Nf3 Nc6 3. d4 cxd4 4. Nxd4 Nf6 5. Nc3 d6 6. Be3 Ng4 7. Bg5 a6 8. h3 Qb6 9. hxg4 Qxd4 10. f3 f6 11. Bh4 Qb4 12. Rb1 Be6 13. a3 Qa5 14. Bf2 Bf7 15. Ra1 e6 16. b4 Qc7 17. Qd2 Rc8 18. Na4 Ne5 19. Rc1 b5 20. Nb2 Nc4 21. Nxc4 bxc4 22. c3 d5 23. exd5 exd5 24. Be2 Bd6 25. Bd4 Bg3+ 26. Kf1 0-0 27. g5 f5 28. Bf2 Qf4 29. Be3 Qe5 30. Bd4 Bf4 31. Bxe5 Bxd2 32. Rd1 Bxg5 33. f4 Be7 34. Bf3 Rcd8 35. g4 fxg4 36. Bxg4 Bd6 37. Bxd6 Rxd6 38. Bf5 Bg6 0-1

[Event "Hannover Region-ch"]
[Site "Hannover"]
[Date "2007.02.17"]
[Round "4"]
[White "Eike, Thomas"]
[Black "Chmelev, Alex"]
[Result "1/2-1/2"]
[WhiteElo "1693"]
[BlackElo "1513"]
[PlyCount "31"]
[EventDate "2007.01.13"]
[EventType "swiss"]
[EventRounds "7"]
[EventCountry "GER"]
[SourceTitle "EXT 2021"]
[Source "ChessBase"]
[SourceDate "2020.10.23"]
[SourceVersion "1"]
[SourceVersionDate "2020.10.23"]
[SourceQuality "1"]

1. Nf3 c5 2. c4 Nc6 3. g3 g6 4. Bg2 Bg7 5. 0-0 Nf6 6. Nc3 0-0 7. d4 cxd4 8. Nxd4 a6 9. e3 Qc7 10. Qe2 d6 11. b3 Bd7 12. Bb2 Rac8 13. Rac1 Rfe8 14. Qd2 Nxd4 15. exd4 Qb8 16. Nd5 1/2-1/2

[Event "Hannover Region-ch"]
[Site "Hannover"]
[Date "2007.01.13"]
[Round "1"]
[White "Chmelev, Alex"]
[Black "Wittur, Helge"]
[Result "1/2-1/2"]
[WhiteElo "1513"]
[BlackElo "1869"]
[PlyCount "72"]
[EventDate "2007.01.13"]
[EventType "swiss"]
[EventRounds "7"]
[EventCountry "GER"]
[SourceTitle "EXT 2021"]
[Source "ChessBase"]
[SourceDate "2020.10.23"]
[SourceVersion "1"]
[SourceVersionDate "2020.10.23"]
[SourceQuality "1"]

1. e4 c5 2. Nf3 d6 3. Nc3 e6 4. d4 cxd4 5. Nxd4 Nf6 6. Be2 Be7 7. Be3 0-0 8. 0-0 Nc6 9. Qd2 a6 10. a4 Qc7 11. f4 e5 12. Nb3 exf4 13. Bxf4 Ne5 14. Rfd1 Be6 15. Nd5 Bxd5 16. exd5 Nc4 17. Bxc4 Qxc4 18. Na5 Qc5+ 19. Be3 Qc7 20. c4 Ne4 21. Qb4 Bf6 22. Bb6 Qd7 23. Bd4 Bxd4+ 24. Rxd4 Nc5 25. Rdd1 Qg4 26. Qe1 Rfe8 27. Qg3 Qd7 28. b4 Ne4 29. Qf3 Qc7 30. Re1 Nf6 31. Qf2 Qd7 32. Qc2 Rac8 33. Qf2 Ng4 34. Qc2 Ne3 35. Qd3 Ng4 36. Qc2 Ne3 1/2-1/2

[Event "Hannover-ch U14"]
[Site "Lehrte"]
[Date "2006.10.16"]
[Round "6"]
[White "Chmelev, Alex"]
[Black "Loewe, Lennard"]
[Result "1/2-1/2"]
[WhiteElo "1518"]
[BlackElo "1170"]
[PlyCount "44"]
[EventDate "2006.10.14"]
[EventType "swiss"]
[EventRounds "7"]
[EventCountry "GER"]
[SourceTitle "EXT 2021"]
[Source "ChessBase"]
[SourceDate "2020.10.23"]
[SourceVersion "1"]
[SourceVersionDate "2020.10.23"]
[SourceQuality "1"]

1. e4 e6 2. d4 d5 3. exd5 exd5 4. Bd3 Bd6 5. Ne2 Nf6 6. Bf4 Be6 7. Nd2 c6 8. c3 0-0 9. 0-0 Qc7 10. Bxd6 Qxd6 11. Qc2 Nbd7 12. Ng3 Rfe8 13. Rfe1 Re7 14. Re2 Rae8 15. Rae1 Bg4 16. f3 Rxe2 17. Rxe2 Rxe2 18. Bxe2 Be6 19. Bd3 Nb6 20. Nf5 Qd7 21. Nb3 Qe8 22. Kf2 Bxf5 1/2-1/2

[Event "Langenhagen-ch op"]
[Site "Langenhagen"]
[Date "2006.07.22"]
[Round "6"]
[White "Lutter Tschoerner, Margret"]
[Black "Chmelev, Alex"]
[Result "0-1"]
[WhiteElo "1143"]
[BlackElo "1396"]
[PlyCount "80"]
[EventDate "2006.05.27"]
[EventType "tourn"]
[EventRounds "7"]
[EventCountry "GER"]
[SourceTitle "EXT 2021"]
[Source "ChessBase"]
[SourceDate "2020.10.23"]
[SourceVersion "1"]
[SourceVersionDate "2020.10.23"]
[SourceQuality "1"]

1. e4 c5 2. Nf3 Nc6 3. Bb5 g6 4. Nc3 Bg7 5. Bxc6 bxc6 6. 0-0 d5 7. e5 Bg4 8. Re1 Qc7 9. h3 Bxf3 10. Qxf3 Bxe5 11. b3 Bg7 12. Ba3 Qa5 13. Bb2 e6 14. a4 Ne7 15. Re2 0-0 16. Rae1 Nf5 17. Nd1 Bxb2 18. c3 Ba3 19. g4 Nd6 20. Qf6 Ne4 21. Qe5 Rae8 22. f3 f6 23. Qh2 Ng5 24. Qg3 e5 25. h4 Ne6 26. g5 Nf4 27. Rh2 Qd8 28. Ne3 d4 29. Ng4 fxg5 30. Nh6+ Kg7 31. hxg5 dxc3 32. Qh4 Qd4+ 33. Re3 cxd2 34. Nf5+ Rxf5 35. Qxh7+ Kf8 36. Qh8+ Ke7 37. Qh7+ Kd8 38. Rhe2 Rxg5+ 39. Kh2 Rh5+ 40. Qxh5 Nxh5 0-1

[Event "Langenhagen-ch op"]
[Site "Langenhagen"]
[Date "2006.07.15"]
[Round "5"]
[White "Kothrade, Andreas"]
[Black "Chmelev, Alex"]
[Result "1/2-1/2"]
[WhiteElo "1466"]
[BlackElo "1396"]
[PlyCount "77"]
[EventDate "2006.05.27"]
[EventType "tourn"]
[EventRounds "7"]
[EventCountry "GER"]
[SourceTitle "EXT 2021"]
[Source "ChessBase"]
[SourceDate "2020.10.23"]
[SourceVersion "1"]
[SourceVersionDate "2020.10.23"]
[SourceQuality "1"]

1. d4 g6 2. Nf3 Bg7 3. Bf4 d6 4. e4 Bg4 5. Be2 Nd7 6. 0-0 c5 7. c3 Bxf3 8. Bxf3 Qb6 9. Qc2 cxd4 10. cxd4 Bxd4 11. Nc3 Rc8 12. Qd2 Bxc3 13. bxc3 Qc7 14. Rac1 Ngf6 15. Qb2 0-0 16. Rfe1 Nc5 17. Re3 e5 18. Bh6 Rfe8 19. Qa3 a6 20. Bg5 Kg7 21. Re2 h6 22. Bxf6+ Kxf6 23. Bg4 Rcd8 24. c4 Kg7 25. Qg3 Qe7 26. Rc3 Qg5 27. h4 Qf4 28. Qxf4 exf4 29. Bf3 f5 30. exf5 Rxe2 31. Bxe2 gxf5 32. Bf3 Re8 33. Kf1 Ne4 34. Rd3 Re6 35. Bd1 Kf6 36. f3 Nc5 37. Rd5 Nd7 38. Bc2 Ne5 39. Rd4 1/2-1/2

[Event "Langenhagen-ch op"]
[Site "Langenhagen"]
[Date "2006.06.03"]
[Round "2"]
[White "Chmelev, Alex"]
[Black "Wittur, Helge"]
[Result "1/2-1/2"]
[WhiteElo "1396"]
[BlackElo "1839"]
[PlyCount "57"]
[EventDate "2006.05.27"]
[EventType "tourn"]
[EventRounds "7"]
[EventCountry "GER"]
[SourceTitle "EXT 2021"]
[Source "ChessBase"]
[SourceDate "2020.10.23"]
[SourceVersion "1"]
[SourceVersionDate "2020.10.23"]
[SourceQuality "1"]

1. e4 e6 2. d4 d5 3. exd5 exd5 4. Bd3 Bd6 5. Ne2 Ne7 6. Bf4 0-0 7. 0-0 Bg4 8. f3 Bh5 9. Bxd6 Qxd6 10. Ng3 Bg6 11. Bxg6 Nxg6 12. Nd2 Nc6 13. Nb3 Nce7 14. Re1 b6 15. c3 Rae8 16. Nc1 f5 17. Nd3 f4 18. Nf1 Nf5 19. Qd2 Nfh4 20. Rxe8 Rxe8 21. Re1 Rxe1 22. Qxe1 Kf7 23. Kf2 c5 24. g3 fxg3+ 25. hxg3 Nf5 26. Ne5+ Nxe5 27. Qxe5 Qxe5 28. dxe5 Ke6 29. f4 1/2-1/2

[Event "Hannover Region-ch"]
[Site "Hannover"]
[Date "2006.01.14"]
[Round "1"]
[White "Chmelev, Alex"]
[Black "Schubert, Wolfgang"]
[Result "0-1"]
[WhiteElo "1276"]
[BlackElo "1810"]
[PlyCount "58"]
[EventDate "2006.01.14"]
[EventType "swiss"]
[EventRounds "7"]
[EventCountry "GER"]
[SourceTitle "EXT 2021"]
[Source "ChessBase"]
[SourceDate "2020.10.23"]
[SourceVersion "1"]
[SourceVersionDate "2020.10.23"]
[SourceQuality "1"]

1. e4 c5 2. Nf3 d6 3. d4 cxd4 4. Nxd4 Nf6 5. Nc3 a6 6. Bc4 e6 7. h3 Qc7 8. Bb3 Nc6 9. Be3 Na5 10. 0-0 b5 11. a3 Nxb3 12. cxb3 Bb7 13. f3 Rc8 14. Rc1 Qb8 15. Qe2 Be7 16. Rfe1 0-0 17. Nc2 d5 18. exd5 Nxd5 19. Nxd5 Bxd5 20. b4 Qe5 21. Nd4 Bd6 22. Kf2 Rxc1 23. Rxc1 Bc4 24. Rxc4 bxc4 25. f4 Qd5 26. Ke1 Re8 27. Kd2 e5 28. fxe5 Bxe5 29. Bg1 Rd8 0-1